Nad tvorbou jubilanta Jozef Sixta 60-ročný

Bibliographic Details
Main Author: Chalupka, Ľubomír, 1945-2020 (Author)
Format: Article
Language:Slovak
PhysicalDescription:Fotogr.
ISSN:1335-4140
Subjects:

MARC

LEADER 00000nab a2200000 a 4500
001 vtls000725708
003 SK-MaSNL
005 20260304222535.0
008 250429c2000 xo 0 slo
015 |a SNBRB2000/06-17460 
035 |a CLN000077868 
035 |a urn:nbn:sk:snk-ab236s 
035 |a (urnnbn)urn:nbn:sk:snk:ar-a01hc6 
035 |a (uuid)c018e5ca-c677-4e97-8719-b48a071ee7ba 
040 |a SNKBUCL  |b slo  |c SNKBUCL  |e AACR2 
041 0 |a slo 
044 |a xo  |c SK 
080 |a 78.071.1  |2 1997 
080 |a 929 Sixta, Jozef  |2 1997 
100 1 |a Chalupka, Ľubomír,  |d 1945-2020  |4 aut  |9 196600 
245 1 0 |a Nad tvorbou jubilanta  |b Jozef Sixta 60-ročný  |c Ľubomír Chalupka 
300 |b Fotogr. 
600 1 7 |a Sixta, Jozef,  |d 1940-2007  |2 snkbucl 
655 7 |a články z novín a časopisov  |2 snkbucl  |9 267496 
773 0 |t Hudobný život  |g Roč. 32, č. 5 (2000), s. 2-3  |x 1335-4140 
850 |a Slovenská národná knižnica 
852 |a Slovenská národná knižnica 
954 |a odborná, vedecká literatúra pôvodná (slovenská)  |2 lita 
958 |a article27 
958 |a OND 
958 |a SK 
958 |a BX 
958 |a EUIPO 
992 |a RBX 
999 |c 3163821  |d 3165751